History Quiz

Random History or Biography Quiz
Score 0/25 Timer 08:00
6 Plays Today
% Correct
wig
94.1%
hoecakes
93.9%
whiskey distillery
93.8%
President
93.5%
tuberculosis
93.4%
Continental Army
93.3%
budget
93.2%
Foxhound
92.7%
Washington's birthday
92.5%
maps
92.2%
letters
91.5%
inauguration
91.1%
Philadelphia
90.5%
% Correct
Virginia
90.4%
Mount Vernon
89.6%
General
89.2%
battle
89.1%
Neutrality
83.5%
France
82.7%
Spain
78.6%
Henry Knox
77.5%
Jumonville Glen
75.3%
Apportionment
73.8%
William Lee
61.6%
The White House
39.8%
Remove Ads.
Support Sporcle.
Get the best of Sporcle when you Go Orange. This ad-free experience offers more features, more stats, and more fun while also helping to support Sporcle. Thank you for becoming a member.

You're not logged in!

Compare scores with friends on all Sporcle quizzes.
OR
Log In

Show Comments

Extras

Top Quizzes Today


Score Distribution

Your Account Isn't Verified!

In order to create a playlist on Sporcle, you need to verify the email address you used during registration. Go to your Sporcle Settings to finish the process.

Report this User

Report this user for behavior that violates our Community Guidelines.

Details: